000 00545nam a2200181 i 4500
001 93619
003 ES-MaACL
005 20230906181256.0
007 t|
008 050415s1907 sp ||||1| spa d
100 1 _aLópez Campello, José María.
_973483
245 1 4 _aLos matrimonios consanguíneos
_b: discurso... /
_cpor D. José María López Campello.
260 _aMadrid :
_b[s.n.],
_c1907 (
_fR. Velasco)
300 _a61 p. ;
_c23 cm.
502 _aTesis doctoral.
852 _aES-MaACL
_jT-1111-F-3
852 _aES-MaACL
_jT-1133-F-4
999 _c93619
_d93619